00440nam a2200121Ia 4500008004100000245010800041260002400149260000900173300000800182650002300190650001200213856009300225170516s9999 xx 000 0 und d 3aAn automated method for analysis of microcirculation videos for accurate assessment of tissue perfusion bBMC Medical Imaging c2012 a12: xMedical Technology xMedtech uhttp://bmcmedimaging.biomedcentral.com/articles?query=&volume=12&searchType=&tab=keyword